00731nam a2200217Ia 4500003000900000008004100009040001300050040001300063041000800076100002200084245013700106250001100243260000800254260000900262300001000271490002200281490000600303942000700309999001100316952018600327IT-RoPAU120407s9999 xx 000 0 und d aIT-RoPAU cIT-RoPAU aesp aAnselmo d’Aosta aObras completas de S. Anselmo. trd. por primera vez al castellano. 2 voll. Introd. general, vers. y notas por el P. Jiulian Alemada. aMadrid aBAC c1952 c20 cm aB. A. C., 82, 100 v1 cBK c27d27 00102ddc406208_98200000000000071aPAULUSbPAULUSd2012-04-11l0o208.982r2012-04-11 00:00:00w2012-04-11yBKzInserito da: Anna In data: n.d. fondo: Via A.Severo 56 Progr:27628